[Event "Tourn. n8364"]
[Site "www.chess-mail.com"]
[Date "2015.10.30"]
[Round "1"]
[White "Alvarin111"]
[Black "Julian"]
[WhiteElo "1880"]
[BlackElo "1820"]
[Result "1-0"]
[Round "1"]
1.e4 c5
2.Ng1f3 d6
3.Bf1c4 e6
4.O-O Ng8f6
5.Nb1c3 Bf8e7
6.d4 cxd4
7.Nf3xd4 O-O
8.b3 Nb8c6
9.f4 a6
10.f5 Nc6xd4
11.Qd1xd4 e5
12.Qd4f2 b5
13.Bc4d5 Nf6xd5
14.Nc3xd5 Be7h4
15.g3 Bh4f6
16.Bc1a3 Rf8e8
17.Ra1d1 Bc8b7
18.Nd5b6 Ra8a7
19.Ba3xd6 Bb7xe4
20.Bd6xe5 Qd8xd1
21.Rf1xd1 Bf6xe5
22.Nb6c4 bxc4
23.Qf2xa7 Be4xc2
24.Rd1d2 Bc2d3
25.Rd2xd3 cxd3
26.Qa7d7 Kf8
27.Qd7xd3 f6
28.Qd3xa6 g6
29.a4 Re8b8
30.fxg6 hxg6
31.Qa6e6 Kg7
32.Qe6d5 Kh6
33.a5 Kg7
34.a6 Kf8
35.a7 { resign }
1-0

[Event "Tourn. n8343"]
[Site "www.chess-mail.com"]
[Date "2015.10.30"]
[Round "1"]
[White "Stepanpech"]
[Black "Numanoid"]
[WhiteElo "2400"]
[BlackElo "2500"]
[Result "0-1"]
[Round "1"]
1.c4 g6
2.Nb1c3 Bf8g7
3.d4 c5
4.d5 Bg7xc3
5.bxc3 f5
6.Ng1f3 Ng8f6
7.Bc1h6 Qd8a5
8.Qd1c2 d6
9.e3 Nb8d7
 { time }
0-1

[Event "Tourn. n8408"]
[Site "www.chess-mail.com"]
[Date "2015.10.30"]
[Round "1"]
[White "Cathar"]
[Black "Tartan"]
[WhiteElo "2260"]
[BlackElo "2450"]
[Result "1-0"]
[Round "1"]
1.e4 c5
2.Ng1f3 e6
3.b3 Nb8c6
4.Bc1b2 a6
5.c4 d5
6.exd5 exd5
7.cxd5 Nc6b4
8.Bf1e2 Bc8f5
9.O-O Nb4c2
10.Nb1a3 Nc2xa1
11.Rf1e1 Ng8e7
12.Qd1xa1 Rh8g8
13.d4 Qd8xd5
14.Na3c4 Ra8d8
15.Nc4e3 Qd5d7
16.Nf3e5 { resign }
1-0

[Event "Tourn. n8408"]
[Site "www.chess-mail.com"]
[Date "2015.10.30"]
[Round "1"]
[White "Cathar"]
[Black "Aperturaf"]
[WhiteElo "2260"]
[BlackElo "2390"]
[Result "0-1"]
[Round "1"]
1.e4 e6
2.d3 d5
3.Qd1e2 dxe4
4.dxe4 e5
5.Ng1f3 Nb8c6
6.c3 g6
7.Qe2c2 Ng8f6
8.Bf1c4 Bf8g7
9.b4 O-O
10.Bc1g5 Qd8e7
11.Nb1d2 a5
12.b5 Nc6d8
13.O-O Nd8e6
14.Bg5h4 Ne6f4
15.Rf1e1 h6
16.Bh4g3 Nf6h5
17.Nd2f1 Bc8g4
18.Nf3d2 Bg4d7
19.Nf1e3 Rf8d8
20.a4 c6
21.Ra1b1 Nh5xg3
22.hxg3 Nf4e6
23.bxc6 bxc6
24.Rb1b2 Ne6c5
25.Re1b1 h5
26.Bc4f1 Bg7h6
27.Ne3c4 Bh6xd2
28.Nc4xd2 Bd7e6
29.Nd2c4 Be6xc4
30.Bf1xc4 Kg7
31.Rb2b6 Rd8d6
32.f3 Ra8d8
33.Qc2f2 Nc5xa4
34.Rb6b7 Rd8d7
35.Rb7xd7 Rd6xd7
{ resign }
0-1

[Event "Tourn. n8388"]
[Site "www.chess-mail.com"]
[Date "2015.10.30"]
[Round "1"]
[White "Xkafi"]
[Black "Churrasca"]
[WhiteElo "2010"]
[BlackElo "2170"]
[Result "0-1"]
[Round "1"]
1.e4 c5
2.Bf1c4 e6
3.d4 Ng8f6
4.Bc1g5 Bf8e7
5.Qd1f3 O-O
6.d5 exd5
7.exd5 h6
8.Bg5f4 Rf8e8
9.Ng1e2 d6
10.O-O Nb8d7
11.Nb1c3 Nd7b6
12.Bc4b5 Bc8d7
13.Bb5d3 Bd7g4
14.Qf3g3 c4
15.Bd3e4 Bg4xe2
16.Nc3xe2 Nf6xe4
17.Qg3g4 Be7f8
18.Bf4xh6 Ne4f6
19.Qg4g5 Re8xe2
20.Rf1e1 Re2xe1
21.Ra1xe1 Nb6xd5
22.Qg5g3 Qd8a5
23.Re1a1 Ra8e8
24.c3 Qa5xa2
25.Ra1f1 Qa2xb2
26.Bh6g5 Qb2xc3
{ resign }
0-1

[Event "Tourn. n8348"]
[Site "www.chess-mail.com"]
[Date "2015.10.30"]
[Round "1"]
[White "Bojan"]
[Black "Carazo"]
[WhiteElo "1930"]
[BlackElo "1860"]
[Result "1-0"]
[Round "1"]
1.e4 e5
2.Ng1f3 Nb8c6
3.Bf1b5 Nc6d4
4.Nf3xd4 exd4
5.Qd1f3 c6
6.Bb5c4 Qd8f6
7.Qf3xf6 gxf6
8.d3 Bf8b4
9.Ke2 d6
10.a3 Bb4a5
11.Nb1d2 Bc8g4
12.f3 Bg4h5
13.Nd2b3 Ba5b6
14.Nb3d2 O-O-O
15.Kf2 Ng8e7
16.g4 Bh5g6
17.h4 h5
18.g5 d5
19.exd5 cxd5
20.Bc4a2 Ne7f5
21.Nd2b3 Rh8e8
22.Bc1d2 Re8e6
23.Bd2b4 a5
24.Bb4xa5 Bb6xa5
25.Nb3xa5 Nf5e3
26.Ra1c1 Re6a6
27.Na5b3 Ne3f5
28.Ba2b1 Rd8e8
29.c3 Kb8
30.cxd4 Ra6e6
31.Rh1e1 Nf5xh4
32.Re1xe6 fxe6
33.gxf6 Re8f8
34.Nb3c5 Rf8e8
35.Nc5d7 Ka7
36.Nd7e5 Bg6f5
37.Rc1h1 Nh4g6
38.Rh1xh5 Ng6f4
39.Rh5h6 Nf4h3
40.Kg3 Re8g8
41.Ne5g4 Nh3g5
42.Rh6h5 Ka6
43.Kf4 Bf5xg4
44.fxg4 Ng5f7
45.Rh5h7 Nf7d6
46.Rh7e7 Nd6b5
47.Re7xe6 Ka5
48.Re6e5 Nb5xd4
49.Re5xd5 Nd4b5
50.Bb1c2 Rg8f8
51.g5 Ka6
52.Kf5 Nb5c7
53.Rd5d7 Kb6
54.g6 Nc7e8
55.Rd7f7 Ne8d6
56.Ke6 Nd6xf7
57.gxf7 Rf8c8
58.Bc2a4 Ka5
59.Ba4e8 { resign }
1-0

[Event "Tourn. n8399"]
[Site "www.chess-mail.com"]
[Date "2015.10.30"]
[Round "1"]
[White "Falcoale"]
[Black "Pariolinius"]
[WhiteElo "1910"]
[BlackElo "1940"]
[Result "1-0"]
[Round "1"]
1.e4 d6
2.Ng1f3 g6
3.d4 Bf8g7
4.Bc1e3 Bc8g4
5.h3 Bg4d7
6.Bf1c4 Ng8f6
7.Nb1c3 O-O
8.Qd1d2 c6
9.Be3h6 Rf8e8
10.Bh6xg7 Kxg7
11.h4 Bd7g4
12.O-O-O Nb8d7
13.Rh1h2 Qd8c7
14.h5 Nf6xh5
15.Rd1h1 d5
16.exd5 Nd7b6
17.Bc4b3 Re8h8
18.dxc6 Qc7xc6
19.Nf3e5 Qc6c8
20.Ne5xf7 h6
21.Nf7xh8 Qc8xh8
22.f3 Bg4f5
23.g4 Nh5g3
24.Rh2xh6 Qh8g8
25.Bb3xg8 { resign }
1-0

[Event "Tourn. n8449"]
[Site "www.chess-mail.com"]
[Date "2015.10.30"]
[Round "1"]
[White "Bojan"]
[Black "Norlavuaram"]
[WhiteElo "2100"]
[BlackElo "2190"]
[Result "0-1"]
[Round "1"]
1.e4 e5
2.Ng1f3 Nb8c6
3.Bf1b5 a6
4.Bb5xc6 dxc6
5.Nf3xe5 Qd8d4
6.Ne5f3 Qd4xe4
7.Qd1e2 Qe4xe2
8.Kxe2 Bc8f5
9.Rh1e1 O-O-O
10.d3 h6
11.Kf1 Ng8f6
12.a3 Bf8d6
13.h3 Rh8e8
14.Nb1c3 Nf6d5
15.Bc1d2 Bf5d7
16.Nc3e4 Bd6f8
17.Bd2a5 f5
18.Ne4c3 Bf8d6
19.Nc3e2 g5
20.Nf3h2 Bd6xh2
21.g3 f4
22.Kg2 f3
23.Kxh2 fxe2
24.Kg2 h5
25.f3 Nd5e3
26.Kf2 Ne3xc2
27.Ra1c1 Nc2xe1
{ resign }
0-1

[Event "Tourn. n8379"]
[Site "www.chess-mail.com"]
[Date "2015.10.30"]
[Round "1"]
[White "Jhw"]
[Black "Paes19"]
[WhiteElo "1920"]
[BlackElo "2000"]
[Result "0-1"]
[Round "1"]
1.c4 c5
2.Nb1c3 Nb8c6
3.e3 e6
4.g3 Ng8f6
5.Bf1g2 d5
6.cxd5 Nf6xd5
7.Nc3xd5 exd5
8.d4 Bc8e6
9.dxc5 Bf8xc5
10.Qd1a4 O-O
11.Ng1e2 Rf8e8
12.Ne2f4 Nc6e5
13.Nf4xe6 Re8xe6
14.O-O Ne5c6
15.Rf1d1 Re6d6
16.e4 d4
17.Bc1f4 Rd6g6
18.Ra1c1 Qd8b6
19.Qa4c4 Bc5e7
20.Bg2h3 h6
21.Bh3f5 Rg6f6
22.Bf5d7 Qb6xb2
23.Rc1b1 Qb2c3
24.Qc4b5 Nc6d8
25.Rb1b3 Qc3c2
26.Rd1d2 Qc2xe4
27.f3 Qe4e1
28.Kg2 Rf6xf4
29.Rd2e2 Qe1c1
30.gxf4 Be7d6
31.Re2e8 Kh7
32.Bd7f5 g6
33.Bf5xg6 Kxg6
34.f5 Kg7
35.Qb5d5 Qc1f4
36.f6 Qf4xf6
37.Kf1 Qf6f4
38.Re8e4 Qf4c1
39.Kf2 Qc1d2
40.Re4e2 Qd2f4
41.Rb3d3 Qf4xh2
42.Ke1 Qh2g1
43.Kd2 Bd6f4
44.Kc2 Ra8c8
45.Kb3 Qg1b1
46.Ka4 Qb1xd3
47.Re2g2 Kh8
48.Ka5 Rc8c5
{ resign }
0-1

[Event "Match"]
[Site "www.echecsemail.com"]
[Date "2015.10.30"]
[Round "1"]
[White "Cardiff"]
[Black "Goofy"]
[WhiteElo "1780"]
[BlackElo "2260"]
[Result "1/2-1/2"]
[Round "1"]
1.c4 e6
2.d4 f5
3.g3 Ng8f6
4.Bf1g2 Bf8e7
5.b3 Nf6e4
6.Ng1f3 O-O
7.O-O d6
8.Bc1b2 Be7f6
9.Nb1d2 Nb8c6
10.e3 Ne4xd2
11.Qd1xd2 e5
12.d5 Nc6e7
13.Qd2c2 Qd8e8
14.Nf3d2 Qe8h5
15.Qc2d1 Qh5h6
16.b4 f4
17.exf4 exf4
18.Bb2xf6 fxg3
19.hxg3 Rf8xf6
20.Nd2e4 Rf6f7
21.c5 { draw }
1/2-1/2

[Event "Match"]
[Site "www.echecsemail.com"]
[Date "2015.10.30"]
[Round "1"]
[White "Quiquechess"]
[Black "Daviko"]
[WhiteElo "1349"]
[BlackElo "1129"]
[Result "0-1"]
[Round "1"]
1.e4 c5
2.Qd1h5 Ng8f6
3.Bf1c4 Nf6xh5
4.g4 Nh5f4
5.d3 Nf4g2
6.Kf1 b5
7.Bc4xb5 a6
8.Bb5c4 Ng2h4
9.Bc1g5 Nh4g6
10.Bc4xf7 Kxf7
11.h3 Nb8c6
12.a3 Nc6d4
13.c3 Nd4c2
14.Ra1a2 d5
15.b3 Qd8b6
16.Ra2xc2 Qb6xb3
17.Rc2e2 Qb3xb1
18.Re2e1 Qb1xd3
19.Ng1e2 Qd3xe4
20.Rh1g1 h6
21.Bg5e3 Ng6h4
22.Be3xc5 Nh4f3
23.Rg1g3 Nf3xe1
24.Rg3e3 Qe4c4
25.Bc5d4 Ra8b8
26.Kxe1 Rb8b1
27.Kd2 Qc4a2
28.Kd3 Rb1d1
{ resign }
0-1

[Event "Match"]
[Site "www.echecsemail.com"]
[Date "2015.10.30"]
[Round "1"]
[White "Pare123"]
[Black "Genius7"]
[WhiteElo "2000"]
[BlackElo "1730"]
[Result "0-1"]
[Round "1"]
1.c4 e6
2.d4 d5
3.c5 b6
4.b4 a5
5.Bc1d2 axb4
6.Bd2xb4 bxc5
7.dxc5 Nb8c6
8.Qd1b3 Nc6xb4
9.Qb3xb4 Ng8f6
10.a4 Nf6e4
11.Qb4b5 Bc8d7
12.c6 Bd7c8
13.Qb5d3 Bf8b4
14.Kd1 Ne4xf2
{ resign }
0-1

[Event "Match"]
[Site "www.echecsemail.com"]
[Date "2015.10.30"]
[Round "1"]
[White "Nugun"]
[Black "Goosebumps"]
[WhiteElo "1580"]
[BlackElo "1699"]
[Result "0-1"]
[Round "1"]
1.c4 Ng8f6
2.Nb1c3 e5
3.g3 Bf8c5
4.Bf1g2 Nb8c6
5.d3 O-O
6.Ng1f3 d5
7.b3 Bc8e6
8.O-O Qd8d7
9.e3 dxc4
10.e4 cxd3
11.Nf3d2 Be6h3
12.Qd1f3 Rf8e8
13.Rf1e1 Ra8d8
14.Nc3d5 Nf6xd5
15.exd5 Nc6d4
16.Qf3xd3 Bh3xg2
17.Kxg2 Qd7xd5
18.Kf1 Qd5h1

0-1

[Event "Match"]
[Site "www.echecsemail.com"]
[Date "2015.10.30"]
[Round "1"]
[White "Rindrandria"]
[Black "Ranjachess"]
[WhiteElo "1540"]
[BlackElo "1750"]
[Result "1-0"]
[Round "1"]
1.e4 e5
2.a3 d5
3.exd5 Qd8xd5
4.Nb1c3 Qd5d8
5.Qd1h5 Ng8f6
6.Qh5xe5 Qd8e7
7.f4 Bc8f5
8.d3 Nb8c6
9.Qe5xe7 Bf8xe7
10.Nc3b5 Nf6d5
11.c4 O-O-O
12.cxd5 Rd8xd5
13.d4 Nc6xd4
14.Nb5xd4 Rd5xd4
15.Ng1f3 Rd4e4
16.Kf2 Bf5g4
17.Bf1d3 Re4e6
18.Nf3e5 Bg4h5
19.Bd3f5 c5
20.Bc1e3 Be7f6
21.Be3xc5 Bf6xe5
22.fxe5 Rh8d8
23.Bc5d6 b5
24.Ra1c1 Kb7
25.Bf5xe6 fxe6
26.Rc1c7 Ka8
27.Rc7xg7 Bh5g6
28.Rh1c1 Bg6f5
29.Rc1c7 Kb8
30.Rc7xa7 Kc8
31.Ra7a8 
1-0

[Event "Match"]
[Site "www.echecsemail.com"]
[Date "2015.10.30"]
[Round "1"]
[White "Wilddog"]
[Black "Rocio"]
[WhiteElo "1379"]
[BlackElo "1499"]
[Result "0-1"]
[Round "1"]
1.c4 e6
2.d4 d5
3.Nb1a3 c5
4.e3 Ng8f6
5.Ng1e2 Nb8c6
6.f4 Nf6e4
7.g4 Qd8h4
8.Ne2g3 Ne4xg3
9.hxg3 Qh4xh1
10.Qd1e2 cxd4
11.Qe2g2 Qh1xg2
12.Bf1xg2 Bf8xa3
13.bxa3 dxc4
14.Bc1d2 c3
15.Bd2c1 d3
16.g5 d2
17.Bc1xd2 cxd2
18.Kxd2 Ke7
19.Ra1e1 Rh8d8
20.Ke2 g6
21.g4 e5
22.Re1h1 Bc8xg4
23.Kf2 exf4
24.exf4 Rd8h8
25.Rh1d1 Ra8d8
26.Rd1e1 Kf8
27.Kg3 Bg4e6
28.Re1b1 Rd8d7
29.Bg2h3 Be6xh3
30.Kxh3 Kg7
31.Kg4 h6
32.f5 hxg5
33.Kxg5 Rh8h5
34.Kg4 Rd7d4
35.Kf3 Rh5xf5
36.Ke3 b6
37.Rb1b4 Rd4xb4
38.axb4 Nc6xb4
39.Kd4 g5
40.a3 Nb4c6
41.Kc4 g4
42.a4 g3
43.Kc3 g2
44.Kb3 g1Q
45.Kc2 Rf5f3
46.Kd2 Qg1g2
47.Ke1 Rf3f1
{ resign }
0-1

[Event "Match"]
[Site "www.echecsemail.com"]
[Date "2015.10.30"]
[Round "1"]
[White "Dulap"]
[Black "Vinvangogh"]
[WhiteElo "1619"]
[BlackElo "1610"]
[Result "1-0"]
[Round "1"]
1.e4 e5
2.Ng1f3 Nb8c6
3.Bf1c4 d5
4.exd5 Nc6d4
5.O-O Bf8c5
6.Nf3xe5 Nd4f5
7.Nb1c3 Qd8h4
8.Qd1f3 g5
9.g3 Qh4h3
10.d6 Nf5d4
11.Qf3xf7 Kd8
12.Qf7f8 { resign }
1-0

[Event "Match"]
[Site "www.echecsemail.com"]
[Date "2015.10.30"]
[Round "1"]
[White "Calponas"]
[Black "Kurush550"]
[WhiteElo "2070"]
[BlackElo "1809"]
[Result "1-0"]
[Round "1"]
1.e4 c5
2.Ng1f3 g6
3.d4 cxd4
4.Qd1xd4 Ng8f6
5.e5 Nb8c6
6.Qd4c3 Nf6d5
7.Qc3c4 Nd5c7
8.Nb1c3 Bf8g7
9.Bc1f4 Nc7e6
10.Bf4g3 Qd8a5
11.O-O-O Nc6xe5
12.Nf3xe5 Bg7xe5
13.Bg3xe5 Qa5xe5
14.g3  { time }
1-0

[Event "Match"]
[Site "www.echecsemail.com"]
[Date "2015.10.30"]
[Round "1"]
[White "Carlosto"]
[Black "Wilddog"]
[WhiteElo "1680"]
[BlackElo "1379"]
[Result "0-1"]
[Round "1"]
1.e3 e5
2.d4 d6
3.dxe5 dxe5
4.Qd1xd8 Kxd8
5.Bf1c4 Bc8e6
6.b3 Nb8c6
7.Ng1f3 Bf8b4
8.c3 Bb4a5
9.O-O Ng8f6
10.Rf1d1 Ke8
11.Bc1a3 e4
12.Nf3d4 Ra8d8
13.h3 a6
14.f3 Nc6a7
15.b4 Ba5b6
16.Nb1d2 exf3
17.Nd2xf3 Na7c6
18.Bc4xe6 fxe6
19.b5 axb5
20.Nd4xb5 Bb6xe3
21.Kf1 Rd8c8
22.Ke2 Nf6d5
23.Nf3g5 Kd7
24.Nb5d4 Be3xg5
25.Rd1f1 e5
26.Rf1f7 Ke8
27.Rf7xg7 Bg5f6
28.Rg7g4 h5
29.Rg4g6 Kf7
30.Rg6g3 exd4
31.Kd3 dxc3
32.Kc4 Rh8d8
{ resign }
0-1

[Event "Match"]
[Site "www.echecsemail.com"]
[Date "2015.10.30"]
[Round "1"]
[White "Jhw"]
[Black "Karlgrocer"]
[WhiteElo "1779"]
[BlackElo "1970"]
[Result "1-0"]
[Round "1"]
1.d4 b6
2.Bc1f4 Ng8f6
3.f3 Bc8a6
4.b3 e6
5.c3 Bf8e7
6.a3 O-O
7.c4 b5
8.e4 bxc4
9.bxc4 c5
10.d5 exd5
11.cxd5 d6
12.Qd1b3 Ba6xf1
13.Qb3b7 Nb8d7
14.Kxf1 Nf6h5
15.Bf4e3 Nd7b6
16.Qb7a6 Be7g5
17.Qa6d3 Bg5xe3
18.Qd3xe3 Qd8h4
19.Ng1h3 Nb6c4
20.Qe3c3 Nc4e5
21.Nb1d2 Nh5f4
22.Nh3xf4 Qh4xf4
23.g3 Qf4f6
24.h4 Ra8b8
25.Kg2 Qf6e7
26.h5 f5
27.exf5 Rf8xf5
28.g4 Rf5f7
29.Ra1e1 Rb8f8
30.Re1e3 Rf7f4
31.Rh1h3 Qe7f7
32.Nd2e4 Qf7xd5
33.Ne4xd6 Ne5xg4
34.Re3e7 Rf4f6
35.Nd6e4 Rf6f7
36.Re7xf7 Rf8xf7
37.Rh3g3 Ng4e5
38.Rg3g5 Rf7e7
39.Ne4f6 { resign }
1-0

[Event "1/64 Finale"]
[Site "www.chess-mail.com"]
[Date "2015.10.30"]
[Round "1"]
[White "Calulalb"]
[Black "Stepanpech"]
[WhiteElo "2730"]
[BlackElo "2400"]
[Result "1-0"]
[Round "1"]
1.c4 e5
2.Nb1c3 Ng8f6
3.Ng1f3 Nb8c6
4.g3 Bf8b4
5.Bf1g2 O-O
6.O-O e4
7.Nf3g5 Bb4xc3
8.bxc3 Rf8e8
9.Qd1c2 Qd8e7
10.d3 exd3
11.exd3 d6
12.Ng5f3 h6
13.Nf3d4 Nc6xd4
14.cxd4 Qe7e2
15.Qc2xe2 Re8xe2
16.h3  { time }
1-0

[Event "1/16 Finale"]
[Site "www.chess-mail.com"]
[Date "2015.10.30"]
[Round "1"]
[White "Pispindroi"]
[Black "Norlavuaram"]
[WhiteElo "2620"]
[BlackElo "2100"]
[Result "1-0"]
[Round "1"]
1.c4 Ng8f6
2.Nb1c3 g6
3.d4 Bf8g7
4.e4 d6
5.Ng1f3 O-O
6.Bf1e2 e5
7.O-O Nb8c6
8.d5 Nc6e7
9.Nf3e1 Nf6e8
10.f3 f5
11.Bc1e3 f4
12.Be3f2 g5
13.c5 h5
14.Ra1c1 a6
15.Ne1d3 Ne8f6
16.Qd1b3 g4
17.cxd6 cxd6
18.Bf2b6 Qd8e8
19.Bb6c7 Qe8d7
20.Nc3a4 Qd7b5
21.Bc7xd6 Qb5xb3
22.axb3 gxf3
23.Be2xf3 Rf8e8
24.Na4b6 { resign }
1-0

[Event "Eq:Angolana Scacchi-Slap Shot Mates : "]
[Site "www.chess-mail.com"]
[Date "2015.10.30"]
[Round "1"]
[White "Capitaine"]
[Black "Manolinex"]
[WhiteElo "2380"]
[BlackElo "2870"]
[Result "0-1"]
[Round "1"]
1.e4 c5
2.Nb1c3 Nb8c6
3.Ng1f3 e5
4.Bf1c4 Bf8e7
5.d3 d6
6.O-O Ng8f6
7.Bc1g5 Ra8b8
8.a4 O-O
9.Bg5xf6 Be7xf6
10.Nc3d5 g6
11.c3 Bf6g7
12.b4 cxb4
13.cxb4 Bc8g4
14.h3 Bg4xf3
15.Qd1xf3 Kh8
16.g4 f5
17.gxf5 Nc6d4
18.Qf3d1 gxf5
19.Qd1h5 fxe4
20.dxe4 Nd4f3
21.Kh1 Nf3d2
22.Bc4d3 Nd2xf1
23.Ra1xf1 Qd8e8
24.Qh5e2 Qe8xa4
25.Rf1g1 Qa4d7
26.Kh2 Qd7f7
27.Rg1g2 Bg7h6
28.Qe2a2 Qf7f3
{ resign }
0-1

[Event "Tourn. n8469"]
[Site "www.chess-mail.com"]
[Date "2015.10.31"]
[Round "1"]
[White "Bojan"]
[Black "Norlavuaram"]
[WhiteElo "2020"]
[BlackElo "2300"]
[Result "0-1"]
[Round "1"]
1.e4 e5
2.Ng1f3 Nb8c6
3.d4 exd4
4.Nf3xd4 Bf8c5
5.Nd4xc6 Qd8f6
6.Nb1c3 Qf6xf2
{ resign }
0-1

[Event "Tourn. n8433"]
[Site "www.chess-mail.com"]
[Date "2015.10.31"]
[Round "1"]
[White "Maredocla"]
[Black "Luban"]
[WhiteElo "2050"]
[BlackElo "2150"]
[Result "1-0"]
[Round "1"]
1.g3 d5
2.Bf1g2 c5
3.Ng1f3 Nb8c6
4.O-O Ng8f6
5.b3 e6
6.Bc1b2 Bf8e7
7.d3 O-O
8.e3 a6
9.Nb1d2 b5
10.Rf1e1 Bc8b7
11.h3 Ra8b8
12.a4 Qd8c7
13.axb5 axb5
14.Qd1e2 Rb8a8
15.Re1c1 Ra8xa1
16.Rc1xa1 Rf8a8
17.c4 b4
18.d4 dxc4
19.Nd2xc4 Ra8xa1
20.Bb2xa1 Nf6d5
21.Nf3e5 Be7f6
22.f4 cxd4
23.exd4 Bb7a6
24.Qe2d2 Nc6a5
25.Bg2xd5 Na5xb3
26.Qd2a2 Ba6xc4
27.Bd5xc4 Nb3xa1
28.Qa2xa1 Bf6xe5
29.fxe5 g6
30.Bc4b3 Qc7b6
31.Kh2 Kg7
32.Qa1d1 Qb6a5
33.Qd1c2 { resign }
1-0

[Event "Tourn. n8376"]
[Site "www.chess-mail.com"]
[Date "2015.10.31"]
[Round "1"]
[White "Tartan"]
[Black "Vogue"]
[WhiteElo "2490"]
[BlackElo "2210"]
[Result "0-1"]
[Round "1"]
1.d4 Ng8f6
2.c4 c5
3.d5 b5
4.cxb5 a6
5.bxa6 g6
6.Nb1c3 Bc8xa6
7.e4 Ba6xf1
8.Kxf1 d6
9.g3 Bf8g7
10.Kg2 Nb8d7
11.Ng1f3 O-O
12.a4 Qd8b6
13.Qd1e2 Rf8b8
14.Nc3b5 Nf6e8
15.Bc1g5 Qb6d8
16.Rh1b1 Rb8b7
17.h3 h6
18.Bg5f4 Nd7b6
19.a5 Nb6d7
20.a6 Rb7b6
21.a7 Ne8c7
22.Nb5c3 Rb6b7
23.e5 Nd7b6
24.Qe2d2 g5
25.Bf4e3 Rb7xa7
26.Ra1xa7 Ra8xa7
27.Rb1d1 Nb6c4
28.Qd2e2 Nc4xe3
29.Qe2xe3 Ra7b7
30.Rd1d2 Rb7b3
31.Qe3e2 Qd8d7
32.h4 g4
33.Nf3h2 h5
34.f3 Bg7xe5
35.Nh2xg4 hxg4
{ resign }
0-1

[Event "Tourn. n8448"]
[Site "www.chess-mail.com"]
[Date "2015.10.31"]
[Round "1"]
[White "Dulap"]
[Black "Naujzaid"]
[WhiteElo "1639"]
[BlackElo "1900"]
[Result "0-1"]
[Round "1"]
1.e4 c5
2.Ng1f3 d6
3.d4 cxd4
4.Nf3xd4 Ng8f6
5.Nb1c3 e6
6.Bf1b5 Bc8d7
7.O-O Nb8c6
8.Bc1e3 Bf8e7
9.Rf1e1 O-O
10.h3 a6
11.Nd4xc6 Bd7xc6
12.Bb5xc6 bxc6
13.Qd1f3 Ra8b8
14.Ra1b1 d5
15.exd5 cxd5
16.Re1d1 Qd8a5
17.Be3d4 Rb8b7
18.a3 Rf8b8
19.Nc3e2 Nf6e4
20.Ne2g3 Ne4xg3
21.Qf3xg3 g6
22.Qg3e5 f6
23.Qe5e3 e5
24.Bd4c3 Qa5b5
25.Qe3g3 d4
26.Bc3d2 Qb5c6
27.h4 Rb7xb2
28.Rb1xb2 Rb8xb2
29.h5 Qc6xc2
{ resign }
0-1

[Event "Tourn. n8452"]
[Site "www.chess-mail.com"]
[Date "2015.10.31"]
[Round "1"]
[White "Umzi"]
[Black "Norlavuaram"]
[WhiteElo "2130"]
[BlackElo "2230"]
[Result "1-0"]
[Round "1"]
1.e4 e5
2.Ng1f3 Nb8c6
3.Bf1c4 Bf8e7
4.Nb1c3 Ng8f6
5.d3 O-O
6.h4 d6
7.h5 h6
8.Nf3h2 Nc6a5
9.b3 Na5xc4
10.bxc4 c6
11.g4 d5
12.cxd5 cxd5
13.f3 Be7b4
14.Bc1d2 dxe4
15.fxe4 Qd8d4
16.Nh2f3 Qd4c5
17.Nc3a4 Bb4xd2
18.Qd1xd2 Qc5c6
19.g5 Nf6g4
20.Na4c3 Ng4e3
21.Ke2 Ne3g2
22.Nf3xe5 Qc6c5
23.d4 Qc5e7
24.Ra1g1 { resign }
1-0

[Event "Tourn. n8401"]
[Site "www.chess-mail.com"]
[Date "2015.10.31"]
[Round "1"]
[White "Stepanpech"]
[Black "Obisporey"]
[WhiteElo "2320"]
[BlackElo "2600"]
[Result "0-1"]
[Round "1"]
1.d4 Ng8f6
2.c4 g6
3.Nb1c3 Bf8g7
4.e4 d6
5.Ng1f3 O-O
6.Bf1e2 e5
7.dxe5 dxe5
8.Qd1xd8 Rf8xd8
9.Bc1g5 Nb8a6
10.Nc3d5 Rd8d6
11.Bg5xf6 Bg7xf6
 { time }
0-1

[Event "Tourn. n8416"]
[Site "www.chess-mail.com"]
[Date "2015.10.31"]
[Round "1"]
[White "Luban"]
[Black "Bevittsmith"]
[WhiteElo "2120"]
[BlackElo "2260"]
[Result "0-1"]
[Round "1"]
1.d4 Ng8f6
2.c4 g6
3.e3 d5
4.h3 Bf8g7
5.Ng1f3 O-O
6.Nb1c3 c6
7.Bf1d3 Nb8d7
8.O-O dxc4
9.Bd3xc4 Qd8c7
10.Nf3g5 Nd7b6
11.Bc4xf7 Rf8xf7
12.Ng5xf7 Kxf7
13.e4 e5
14.dxe5 Qc7xe5
15.f4 Qe5c5
16.Kh1 Bc8e6
17.Qd1f3 Ra8e8
18.Bc1e3 Qc5b4
19.Be3xb6 Qb4xb6
20.b3 Qb6b4
21.Ra1d1 Kg8
22.f5 gxf5
23.exf5 Be6f7
24.g4 Nf6d5
25.Nc3xd5 Bf7xd5
26.Rd1xd5 cxd5
27.Qf3xd5 Kh8
28.f6 Bg7xf6
29.Rf1xf6 Qb4e1
{ resign }
0-1

[Event "Tourn. n8429"]
[Site "www.chess-mail.com"]
[Date "2015.10.31"]
[Round "1"]
[White "Bojan"]
[Black "Luban"]
[WhiteElo "2040"]
[BlackElo "2140"]
[Result "1-0"]
[Round "1"]
1.e4 c5
2.Bf1c4 e6
3.Ng1f3 a6
4.c3 b5
5.Bc4e2 Bc8b7
6.d3 h6
7.b3 g6
8.Bc1b2 Bf8g7
9.Nb1d2 Ng8e7
10.Qd1c2 d5
11.exd5 exd5
12.a4 Nb8c6
13.axb5 axb5
14.O-O O-O
15.Ra1xa8 Bb7xa8
16.h3 Ba8b7
17.Rf1a1 Qd8d6
18.Nf3h2 Rf8a8
19.Ra1xa8 Bb7xa8
20.Nd2f3 Nc6e5
21.d4 Ne5xf3
22.Nh2xf3 c4
23.b4 Ba8b7
24.Nf3h2 Bb7c8
25.Bb2c1 Bc8f5
26.Qc2d1 g5
27.Nh2g4 Bf5xg4
28.Be2xg4 f5
29.Bg4h5 f4
30.Qd1f3 Qd6e6
31.Bc1d2 Qe6e4
32.Qf3xe4 dxe4
33.Bh5e8 Ne7d5
34.Be8c6 Nd5c7
35.Bc6xe4 Kf7
36.h4 Ke6
37.hxg5 hxg5
38.f3 Kd6
39.Kh2 Nc7a6
40.Kh3 Na6xb4
41.cxb4 Bg7xd4
42.Bd2c1 c3
43.Kg4 Bd4e3
44.Bc1a3 Ke5
45.Be4c6 Kd4
46.Bc6xb5 Be3d2
47.Bb5a4 { resign }
1-0

[Event "Tourn. n8435"]
[Site "www.chess-mail.com"]
[Date "2015.10.31"]
[Round "1"]
[White "Redabond"]
[Black "Easychess"]
[WhiteElo "1660"]
[BlackElo "1410"]
[Result "0-1"]
[Round "1"]
1.e4 c5
2.Nb1c3 a6
3.Ng1f3 d6
4.Bf1c4 e6
5.O-O Nb8c6
6.d3 Ng8f6
7.Rf1e1 Bf8e7
8.Bc1e3 { time. }
0-1

[Event "Tourn. n8384"]
[Site "www.chess-mail.com"]
[Date "2015.10.31"]
[Round "1"]
[White "Sontuozio"]
[Black "Xkafi"]
[WhiteElo "2050"]
[BlackElo "2040"]
[Result "1/2-1/2"]
[Round "1"]
1.d4 c5
2.e3 d5
3.Bf1d3 cxd4
4.exd4 Ng8f6
5.Ng1f3 Bc8g4
6.Nb1d2 Nb8c6
7.c3 e5
8.dxe5 Qd8e7
9.Bd3e2 Nc6xe5
10.Nf3xe5 Qe7xe5
11.h3 Bg4xe2
12.Qd1xe2 Qe5xe2
13.Kxe2 Bf8c5
14.Rh1e1 O-O
15.Kf1 h6
16.Nd2f3 Bc5b6
17.Bc1e3 Bb6c7
18.Be3d4 Nf6e4
19.Ra1d1 b6
20.Nf3h4 g6
21.c4 Rf8e8
22.cxd5 Ra8d8
23.Bd4e3 Kh7
24.Nh4f3 Ne4f6
25.Be3c1 Re8xe1
26.Rd1xe1 Nf6xd5
27.a3 b5
28.b4 Nd5c3
29.Bc1b2 Nc3a4
30.Bb2a1 Kg8
31.Ba1f6 Rd8c8
32.Re1c1 Na4b6
33.Nf3d2 Nb6d5
34.Bf6e5 f6
35.Be5xc7 { draw }
1/2-1/2

[Event "Tourn. n8373"]
[Site "www.chess-mail.com"]
[Date "2015.10.31"]
[Round "1"]
[White "Jaroslavpech"]
[Black "Xkafi"]
[WhiteElo "2210"]
[BlackElo "2090"]
[Result "0-1"]
[Round "1"]
1.d4 e6
2.c4 d5
3.Nb1c3 Bf8b4
4.Ng1f3 Nb8c6
5.e3 Ng8f6
6.Bf1d3 Nf6e4
7.Qd1c2 Qd8f6
8.O-O Ne4xc3
9.bxc3 dxc4
10.Bd3xc4 Bb4d6
11.e4 e5
12.Nf3g5 Qf6g6
13.Bc4xf7 Qg6xf7
 { time }
0-1

[Event "Tourn. n8331"]
[Site "www.chess-mail.com"]
[Date "2015.10.31"]
[Round "1"]
[White "Alvarin111"]
[Black "Azulmarino"]
[WhiteElo "1850"]
[BlackElo "1660"]
[Result "1-0"]
[Round "1"]
1.e4 e5
2.Ng1f3 Nb8c6
3.Nb1c3 Bf8c5
4.Nf3xe5 Nc6xe5
5.d4 Qd8f6
6.Nc3d5 Qf6d8
7.dxc5 d6
8.Bc1f4 Bc8e6
9.Bf4xe5 dxe5
10.Bf1c4 Ng8f6
11.Qd1d3 Be6xd5
12.exd5 e4
13.Qd3b3 Ra8b8
14.O-O O-O
15.Ra1d1 Qd8e7
16.d6 cxd6
17.cxd6 Qe7e5
18.f4 Qe5c5
19.Kh1 e3
20.Rf1e1 Nf6g4
21.Rd1d5 Qc5c6
22.h3 Ng4f2
23.Kg1 Rf8e8
24.d7 Nf2xh3
25.gxh3 Qc6g6
26.Rd5g5 Qg6f6
27.dxe8Q Rb8xe8
28.Re1xe3 Re8f8
29.Qb3xb7 h6
30.Rg5e5 Qf6xf4
31.b3 Rf8d8
32.Re5e8 Rd8xe8
33.Re3xe8 Kh7
34.Qb7e4 { resign }
1-0

[Event "Tourn. n8332"]
[Site "www.chess-mail.com"]
[Date "2015.10.31"]
[Round "1"]
[White "Pariolinius"]
[Black "Orae"]
[WhiteElo "1990"]
[BlackElo "1940"]
[Result "1-0"]
[Round "1"]
1.d4 d5
2.Bc1f4 Nb8c6
3.Ng1f3 Bc8f5
4.e3 a6
5.Bf1e2 e6
6.O-O Nc6b4
7.Nb1a3 Nb4c6
8.c4 Bf8xa3
9.bxa3 Ng8f6
10.Ra1b1 Bf5xb1
11.Qd1xb1 b6
12.Bf4g5 O-O
13.Be2d3 Rf8e8
14.cxd5 exd5
15.Qb1c1 Qd8d6
16.Bg5f4 Qd6d7
17.Qc1c2 g6
18.Bf4g5 Nf6h5
19.Rf1c1 Re8e6
20.g3 f6
21.Bg5f4 g5
22.Bf4xg5 fxg5
23.Bd3f5 Ra8f8
24.Bf5xe6 Qd7xe6
25.Nf3xg5 Qe6h6
26.h4 Rf8f6
27.Rc1f1 Qh6g7
28.Qc2e2 Qg7g6
29.Qe2g4 h6
30.Qg4c8 Rf6f8
31.Qc8e6 Qg6xe6
32.Ng5xe6 Rf8f7
33.Rf1c1 Nc6b8
34.Ne6xc7 Nh5f6
35.Nc7e6 Kh7
36.a4 Nf6g4
37.Ne6f4 b5
38.axb5 axb5
39.Rc1c5 b4
40.Rc5xd5 Ng4f6
41.Rd5b5 Nb8c6
42.d5 Nc6d8
43.Rb5xb4 Rf7d7
44.e4 Nd8f7
45.f3 Nf7e5
46.Kg2 Rd7c7
47.Rb4b2 Rc7c3
48.Rb2f2 Kg7
49.d6 Rc3c6
50.Rf2d2 Kf7
51.a4 Ke8
52.Nf4e6 Kd7
53.Ne6f8 Ke8
54.Nf8e6 Ne5c4
55.Rd2d4 Nc4xd6
56.e5 Nd6f5
57.Rd4d8 Ke7
58.exf6 Kxf6
59.Ne6d4 Rc6c4
60.Nd4xf5 Kxf5
61.a5 Rc4a4
62.Rd8d5 { resign }
1-0